Chudoba a možnosti jejího řešení. 9 Základy sociální politiky
Príčiny chudoby a jej meranie. Chudoba vzniká z troch hlavných skupín dôvodov: z nízkych zárobkov, z nezamestnanosti a rozdielov vo vlastnenom majetku. Možnosti riešenia chudoby. Sociálno - politické opatrenia na riešenie existujúcej chudoby ( minimálne mzdy, záporné zdanenie príjmov, životné minimu...
Uložené v:
| Hlavný autor: | |
|---|---|
| Médium: | Kapitola |
| Jazyk: | Czech |
| Predmet: | |
| Tagy: |
Žiadne tagy, Buďte prvý, kto otaguje tento záznam!
|
MARC
| LEADER | 00000naa a2200000 4500 | ||
|---|---|---|---|
| 001 | r016440 | ||
| 005 | 20220928112800.1 | ||
| 041 | 0 | |a cze | |
| 044 | |a CZ | ||
| 245 | 1 | 0 | |a Chudoba a možnosti jejího řešení. 9 |b Základy sociální politiky |c Jana Žižková |
| 520 | |a Príčiny chudoby a jej meranie. Chudoba vzniká z troch hlavných skupín dôvodov: z nízkych zárobkov, z nezamestnanosti a rozdielov vo vlastnenom majetku. Možnosti riešenia chudoby. Sociálno - politické opatrenia na riešenie existujúcej chudoby ( minimálne mzdy, záporné zdanenie príjmov, životné minimum ). | ||
| 610 | 2 | 0 | |a chudoba |
| 610 | 2 | 0 | |a úroveň životná |
| 610 | 2 | 0 | |a minimum existenčné |
| 610 | 2 | 0 | |a mzdy minimálne |
| 610 | 2 | 0 | |a pomoc sociálna |
| 610 | 2 | 0 | |a politika sociálna |
| 610 | 2 | 0 | |a dávky sociálne |
| 100 | 1 | |a Žižková, Jana | |